000 00768nam a22002177a 4500
003 CUTN
005 20260410095916.0
008 260410b |||||||| |||| 00| 0 eng d
020 _a9789394265318
041 _aTamil
082 _223rd
_a894.8111
_bSEE
100 _aசீனு ராமசாமி
245 _aகோயில் யானையின் சிறுவன்
_b( ஒரு திரைப்பட இயக்குநரின் கவிதைகள் )
250 _aமுதற்பதிப்பு
260 _aசென்னை:
_bவிகடன் பிரசுரம்,
_c2024.
300 _a301p.,
650 _aகவிதைகள்
650 _aகவிதை
700 _aSeenu Ramasamy
942 _2ddc
_cTAM
999 _c49330
_d49330